Harry Potter - Name The Hogwarts Teachers and Staff - Statistics

General Stats
  • This quiz has been taken 830 times
    818 since last reset
  • The average score is 19 of 27
Answer Stats
Hint Answer % Correct
Severus Snape
98%
Albus Dumbledore
96%
Minerva McGonagall
96%
Dolores Umbridge
91%
Remus Lupin
91%
Filius Flitwick
89%
Gilderoy Lockhart
89%
Rubeus Hagrid
88%
Pomona Sprout
85%
Alastor Moody
84%
Quirinus Quirrell
84%
Sybill Trelawney
83%
Horace Slughorn
79%
Argus Filch
77%
Rolanda Hooch
74%
Poppy Pomfrey
71%
Firenze
67%
Cuthbert Binns
66%
Aurora Sinistra
60%
Wihelmina Grubbly-Plank
56%
Charity Burbage
53%
Septima Vector
52%
Irma Pince
43%
Amycus Carrow
41%
Alecto Carrow
40%
Silvanus Kettleburn
39%
Bathsheda Babbling
31%
No matching quizzes found
Score Distribution
Percent of People with Each Score
Percentile by Number Answered
Your Score History
You have not taken this quiz since the last reset